Phân tích thiết kế hệ thống thông tin - phương pháp & ứng dụng

Giới thiệu phương pháp luận phân tích thiết kế hệ thống thông tin thông qua phương pháp Merise từ khái niệm cơ bản đến cách tiếp cận, triển khai và phương pháp thiết kế hệ thống thông tin và các ứng dụng....

詳細記述

保存先:
書誌詳細
第一著者: Nguyễn, Hồng Phương
その他の著者: Huỳnh, Minh Đức
フォーマット: 図書
言語:Undetermined
出版事項: H. Lao động - Xã hội 2008
主題:
オンライン・アクセス:http://lrc.tdmu.edu.vn/opac/search/detail.asp?aID=2&ID=16913
タグ: タグ追加
タグなし, このレコードへの初めてのタグを付けませんか!
Thư viện lưu trữ: Trung tâm Học liệu Trường Đại học Thủ Dầu Một
LEADER 01240nam a2200217Ia 4500
001 TDMU_16913
008 210410s9999 xx 000 0 und d
082 |a 003 
090 |b NG527 
100 |a Nguyễn, Hồng Phương 
245 0 |a Phân tích thiết kế hệ thống thông tin - phương pháp & ứng dụng 
245 0 |c TS. Nguyễn Hồng Phương (chủ biên); ThS. Huỳnh Minh Đức; Đoàn Thiện Ngân (hiệu đính) 
260 |a H. 
260 |b Lao động - Xã hội 
260 |c 2008 
300 |a 276tr. 
520 |a Giới thiệu phương pháp luận phân tích thiết kế hệ thống thông tin thông qua phương pháp Merise từ khái niệm cơ bản đến cách tiếp cận, triển khai và phương pháp thiết kế hệ thống thông tin và các ứng dụng. 
650 |a Hệ thống thông tin  |x Phân tích; Hệ thống thông tin  |x Thiết kế; Phương pháp; Ứng dụng 
700 |a Huỳnh, Minh Đức 
856 |u http://lrc.tdmu.edu.vn/opac/search/detail.asp?aID=2&ID=16913 
980 |a Trung tâm Học liệu Trường Đại học Thủ Dầu Một